| 000 | 01312nam a22003017a 4500 | ||
|---|---|---|---|
| 008 | 130821s2010 ck gr spa | ||
| 020 | _a9789587310368 | ||
| 040 |
_aCo-BoUCM _bspa |
||
| 041 | 0 | 0 | _aspa |
| 245 | 0 | 0 |
_aGuantánamo y el imperio del derecho _ccoordinadores Gabriel E. Andrés, Daniel Pavón Piscitello y Rafael A. Prieto Sanjuán |
| 260 |
_aBogotá (Colombia) _bPontificia Universidad Javeriana Medellín Biblioteca Jurídica Dike _c2010 |
||
| 300 | _a334 páginas | ||
| 490 | 0 |
_aColección grandes fallos de la justicia penal internacional _v4 |
|
| 504 | _aIncluye referencias bibliográficas. | ||
| 650 | 0 | 4 |
_aDelitos internacionales _97489 |
| 650 | 0 | 4 |
_aDerecho internacional _912776 |
| 650 | 0 | 4 |
_aDerecho penitenciario _912816 |
| 650 | 0 | 4 |
_aDerechos humanos (Derecho internacional) _912885 |
| 650 | 0 | 4 |
_aExtradición _915490 |
| 650 | 0 | 4 |
_aHabeas Corpus (Derecho internacional) _916653 |
| 650 | 0 | 4 |
_aJurisdicción (Derecho internacional) _918166 |
| 700 | 1 |
_aAndrés, Gabriel E. _ecoord. _9167466 |
|
| 700 | 1 |
_aPavón Piscitello, Daniel _ecoord. _9167467 |
|
| 700 | 1 |
_aPrieto Sanjuán, Rafael A. _ecoord. _9162910 |
|
| 710 | 1 |
_aPontificia Universidad Javeriana. _bFacultad de Ciencias Jurídicas _94566 |
|
| 942 |
_cLIBRO _a8 _e1 _mG913 _2DEWEY _h341.5 |
||
| 999 |
_c69708 _d69708 |
||